|
|
|
|
| LEADER |
03380nam a2200613 i 4500 |
| 001 |
mzk03001233718 |
| 003 |
CZ BrMZK |
| 005 |
20170124125414.0 |
| 007 |
ta |
| 008 |
170124s1611 be fr|||||00| ||latod |
| 040 |
|
|
|a BOA001
|b cze
|e rda
|
| 072 |
|
7 |
|a 37
|x Výchova a vzdělávání
|2 Konspekt
|9 22
|
| 072 |
|
7 |
|a 094
|x Staré tisky
|2 Konspekt
|9 12
|
| 080 |
|
|
|a 37.0
|2 MRF
|
| 080 |
|
|
|a 025.171
|2 MRF
|
| 080 |
|
|
|a (035)
|2 MRF
|
| 080 |
|
|
|a (0.068)094
|2 MRF
|
| 100 |
1 |
|
|a Puteanus, Erycius,
|d 1574-1646
|7 ola2007365125
|4 aut
|
| 245 |
1 |
0 |
|a ERYCI PUTEANI PALAESTRA BONAE MENTIS Autoritate Serenissimi. Principum in Atheneo Louaniensi instituta. In quâ ad Civilem Litteraturam et Eloquentiam Iuventus ducitur
|
| 246 |
3 |
|
|a PALAESTRA BONAE MENTIS
|
| 264 |
|
1 |
|a LOVANII :
|b E Bibliopolio Flaviano,
|c 1611
|
| 300 |
|
|
|a 16 nečíslovaných stran, 152 stran ;
|c 4°
|
| 336 |
|
|
|a text
|b txt
|2 rdacontent
|
| 337 |
|
|
|a bez média
|b n
|2 rdamedia
|
| 338 |
|
|
|a svazek
|b nc
|2 rdacarrier
|
| 500 |
|
|
|a Výzdoba: Mědirytinový titulní list tištěný v architektonické borduře a doplněný mytologickými a alegorickými postavami (Na vrcholu architektonického rámce trůní Spravedlivost doprovázená anděly nesoucími atributy dobré vlády, po stranách rámce stojí Hermes a Athéna, kteří zahání Pomluvu a Závist. U paty soklu draperie s devízou: INGENIO ET LABORE), iniciály, vlysy, viněty
|
| 500 |
|
|
|a Rozsah: [16], 152 s.
|
| 501 |
|
|
|a Obsahuje: Přívazek 1, ERYCI PVTEANI EPISTOLARVM RELIQVIAE ... / Erycius Puteanus. -- Přívazek 2, ERYCI PVTEANI EPISTOLARVM BELLARIA ... / Erycius Puteanus. -- Přívazek 3, ERYCI PVTEANI EPISTOLARVM PROMVLSIS ... / Erycius Puteanus. -- Přívazek 4, EPISTOLAM STRICTVRAE ... / Erycius Puteanus
|
| 561 |
|
|
|a Provenience: [m.p.] Cartusiae Brun[n]ensis
|
| 561 |
|
|
|a Provenience: [razítko] Bibliotheca Mon. Raigrad. O.S.B
|
| 563 |
|
|
|a Pergamenová obálka s rámcem, lepenkové desky, dvě látkové tkanice, ořízka stříkaná červenou barvou
|
| 650 |
|
7 |
|a vzdělávání
|7 ph127311
|2 czenas
|
| 650 |
|
4 |
|a opera omnia
|
| 650 |
|
7 |
|a historické knihovní fondy
|7 ph172933
|2 czenas
|
| 655 |
|
7 |
|a staré tisky
|7 fd422076
|2 czenas
|
| 655 |
|
7 |
|a příručky
|7 fd133209
|2 czenas
|
| 700 |
1 |
|
|a Fourdin, I.
|4 cns
|
| 700 |
0 |
|
|a Albrecht
|b VII.,
|c rakouský arcivévoda,
|d 1559-1621
|7 jn20030627002
|4 dte
|
| 856 |
4 |
1 |
|u https://imageserver.mzk.cz/mzk03/001/233/718/328100225277.titul
|y Digitalizovaný dokument
|z Titulní list
|
| 903 |
|
|
|a RP
|
| 910 |
|
|
|e BOE950
|c R - II. a. 1614
|
| 978 |
|
|
|b Flavius, Jean-Christophe
|a Leuven
|c 1611
|
| 982 |
0 |
|
|a Brno - Královo Pole - kartuziánský klášter
|
| 982 |
0 |
|
|a Rajhrad - benediktinský klášter
|
| 984 |
|
|
|a Lovaň
|b Belgie
|
| 985 |
|
|
|a 1601-1650
|
| 990 |
|
|
|a BK
|
| 991 |
|
|
|k rajhrad
|
| 980 |
|
|
|c 225277
|g R - II. a. 1614
|1 328100225277
|p BN. 15319 ; II./K. b. 24 ; W/K III. b. 26 ; W/K III. b. 8
|
| 996 |
|
|
|e BOE950
|c R - II. a. 1614
|
| 994 |
|
|
|a DN
|l MZK03
|b 001233720
|m záznam 1. díla (pro objednání pokračujte kliknutím)
|n přívazek 1
|
| 994 |
|
|
|a DN
|l MZK03
|b 001233721
|m záznam 1. díla (pro objednání pokračujte kliknutím)
|n přívazek 2
|
| 994 |
|
|
|a DN
|l MZK03
|b 001233723
|m záznam 1. díla (pro objednání pokračujte kliknutím)
|n přívazek 3
|
| 994 |
|
|
|a DN
|l MZK03
|b 001233724
|m záznam 1. díla (pro objednání pokračujte kliknutím)
|n přívazek 4
|